|
|
|
|
| LEADER |
01717nam a2200421Ia 4500 |
| 001 |
EBC1919401 |
| 003 |
MiAaPQ |
| 005 |
20200520144314.0 |
| 006 |
m o d | |
| 007 |
cr cn||||||||| |
| 008 |
110908s2009 sa sb 000 0 eng d |
| 010 |
|
|
|z 2011349475
|
| 020 |
|
|
|z 9781920355265
|
| 020 |
|
|
|z 9781920489663
|
| 035 |
|
|
|a (MiAaPQ)EBC1919401
|
| 035 |
|
|
|a (Au-PeEL)EBL1919401
|
| 035 |
|
|
|a (CaPaEBR)ebr10597080
|
| 035 |
|
|
|a (CaONFJC)MIL390579
|
| 035 |
|
|
|a (OCoLC)900346160
|
| 040 |
|
|
|a MiAaPQ
|c MiAaPQ
|d MiAaPQ
|
| 050 |
|
4 |
|a HE8689.9.Z55
|b Z53 2009
|
| 245 |
0 |
0 |
|a Zimbabwe
|h [electronic resource] :
|b a survey /
|c by the African Governance Monitoring and Advocacy Project, Open Society Initiative Southern Africa, and Open Society Institute Media Programme.
|
| 246 |
1 |
|
|a On air, Zimbabwe
|
| 260 |
|
|
|a Rosebank :
|b Open Society Initiative for Southern Africa,
|c 2009.
|
| 300 |
|
|
|a x, 106 p.
|
| 490 |
0 |
|
|a Public broadcasting in Africa series
|
| 500 |
|
|
|a "An Open Society Institute Network publication" -- Cover.
|
| 504 |
|
|
|a Includes bibliographical references.
|
| 533 |
|
|
|a Electronic reproduction. Ann Arbor, MI : ProQuest, 2015. Available via World Wide Web. Access may be limited to ProQuest affiliated libraries.
|
| 610 |
2 |
0 |
|a Zimbabwe Broadcasting Corporation.
|
| 650 |
|
0 |
|a Public broadcasting
|x Government policy
|z Zimbabwe.
|
| 650 |
|
0 |
|a Broadcasting policy
|z Zimbabwe.
|
| 655 |
|
4 |
|a Electronic books.
|
| 710 |
2 |
|
|a AfriMAP.
|
| 710 |
2 |
|
|a Open Society Initiative for Southern Africa.
|
| 710 |
2 |
|
|a Open Society Institute.
|b Media Programme.
|
| 710 |
2 |
|
|a ProQuest (Firm)
|
| 856 |
4 |
0 |
|u https://ebookcentral.proquest.com/lib/matrademy/detail.action?docID=1919401
|z Click to View
|